Posúdenie kvality rezu na výpalkoch vyrobených novými postupmi tepelného delenia plazmovým ob-lúkom [CD-ROM]

Salvato in:
Dettagli Bibliografici
Autore principale: Buno, Michal, 1984- (Autore)
Altri autori: Sejč, Pavol, 1964- (xxx)
Natura: Manoscritto Libro
Lingua:slovacco
Pubblicazione: Bratislava : STU v Bratislave SjF, 2009
Soggetti:
Tags: Aggiungi Tag
Nessun Tag, puoi essere il primo ad aggiungerne!!

MARC

LEADER 00000ntm a22000003a 4500
001 stu216226
005 20150617230125.8
008 101112s2009----xo------------------slo-d
040 |a STU  |b slo 
041 0 |a slo 
044 |a xo 
100 1 |a Buno, Michal,  |d 1984-  |4 aut  |u V  |T SvF Stavebná fakulta  |X 14566  |U V  |Y 10  |7 A000014566 
242 0 0 |a Cut quality examination carried out on burnts made by new advances of plasma arch thermic separation  |y eng 
245 1 |a Posúdenie kvality rezu na výpalkoch vyrobených novými postupmi tepelného delenia plazmovým ob-lúkom [CD-ROM] 
260 |a Bratislava :  |b STU v Bratislave SjF,  |c 2009 
300 |a 89 s 
650 7 |a plazmové systémy  |2 stusub 
650 7 |a kvalita rezu  |2 stusub 
650 7 |a Horáky  |2 stusub 
650 7 |a plasma systems  |2 estusub 
650 7 |a cut quality  |2 estusub 
700 1 |a Sejč, Pavol,  |d 1964-  |4 xxx  |u J280  |U SjF Ústav technológií a materiálov  |T SjF Katedra materiálov a technológií  |X 2300  |U J280  |Y 52  |7 A000002300 
996 |b 284J038043  |c J*610/DP  |l JJSK  |s A  |a 24  |w stu216226_0001